ՀՀ Գիտությունների ազգային ակադեմիայի հիմնարար գիտական գրադարան  =   Fundamental Scientific Library of NAS RA
Normal view MARC view

Entry Topical Term

Number of records used in: 2

001 - CONTROL NUMBER

  • control field: 6314

003 - CONTROL NUMBER IDENTIFIER

  • control field: AM-YEHGA

005 - DATE AND TIME OF LATEST TRANSACTION

  • control field: 20250617070506.0

008 - FIXED-LENGTH DATA ELEMENTS

  • fixed length control field: 150316|| aca||babn | a|a d

040 ## - CATALOGING SOURCE

  • Original cataloging agency: AM-YEHGA

150 ## - HEADING--TOPICAL TERM

  • Topical term or geographic name entry element: Հայ լրագրություն
  • General subdivision: Պատմություն

450 ## - SEE FROM TRACING--TOPICAL TERM

  • Topical term or geographic name entry element: Հայ ժուռնալիստիկա
  • General subdivision: Պատմություն

450 ## - SEE FROM TRACING--TOPICAL TERM

  • Topical term or geographic name entry element: Armenian journalism
  • General subdivision: History

450 ## - SEE FROM TRACING--TOPICAL TERM

  • Topical term or geographic name entry element: Armenischer Journalismus
  • General subdivision: Geschichte

450 ## - SEE FROM TRACING--TOPICAL TERM

  • Topical term or geographic name entry element: Армянская журналистика
  • General subdivision: История

550 ## - SEE ALSO FROM TRACING--TOPICAL TERM

  • Control subfield: g
  • Topical term or geographic name entry element: Հայ լրագրություն


ՀՀ ԳԱԱ հիմնարար գիտական գրադարան
ՀՀ,Երևան 0019
Մարշալ Բաղրամյան 24/6
հեռախոս:(374-10) 52-47-50
Հետադարձ կապ

All site content, except where otherwise noted, is licensed under a
Creative Commons License